youtubeurs francais - Statistiques

Statistiques générales
  • Ce quiz a été pris 111 fois
  • Le résultat moyen est 4 sur 30
Statistiques - réponses
Hint Réponse % Correct
19.3 millions d’abonnés Squeezie
66%
25,8 millions d’abonnés Tibo Inshape
63%
14,5 millions d’abonnés Cyprien
40%
10,2 millions d’abonnés Michou
29%
8,8 millions d’abonnés Amixem
26%
8,8 millions d’abonnés Inoxtag
21%
11,4 millions d’abonnés Norman
19%
7,4 millions d’abonnés McFly et Carlito
10%
6 millions d’abonnés Bigornaux et Coquillages
7%
6,5 millions d’abonnés Joyca
7%
6,4 millions d’abonnés Mastu
7%
5,3 millions d’abonnés Anas
6%
5,4 millions d’abonnés FastGoodCuisine
6%
9,7 millions d’abonnés Lama Faché
6%
5,1 millions d’abonnés CyrilMP4
4%
6,9 millions d’abonnés Furious Jumper
4%
5,1 millions d’abonnés Michou off
4%
5,6 millions d’abonnés Seb
4%
6,7 millions d’abonnés Swan & Néo
4%
4,8 millions d’abonnés Hugoposé
3%
5,6 millions d’abonnés Kevin Tran
3%
7,2 millions d’abonnés Le monde des titounis
3%
5,1 millions d’abonnés Natoo
3%
7,4 millions d’abonnés Rémi Gaillard
3%
4,9 millions d’abonnés Squeezie Gaming
3%
4,9 millions d’abonnés Ibra Tv
1%
9,5 millions d’abonnés Tuvok12
1%
5,9 millions d’abonnés Dimerci TV
0%
6,3 millions d’abonnés Mister V
0%
7,3 millions d’abonnés Sympa
0%
Aucun quiz correspondant
Distribution des résultats
% des personnes avec chaque résultat
Percentile par nombre de réponses
Votre historique - résultats
Vous n’avez pas pris ce quiz